Majstrovstvá Slovenska v pretekoch psích záprahov v šprinte v Lome nad Rimavicou Royal Canin Cup

Podrobná bibliografia
Hlavný autor: Slaný, Branislav (Autor)
Médium: Článok
Jazyk:slovenčina
PhysicalDescription:Fotogr.
ISSN:1335-7778
Predmet:

MARC

LEADER 00000nab a2200000 ar4500
001 vtls008963825
003 SK-MaSNL
005 20260303070758.0
008 070413c2007 xo mr|p|||||||000 b|slo
015 |a SNBRB2007/04  |2 snkbucl 
038 |a SNKBUCL 
040 |a SNKBUCL  |b slo  |c SNKBUCL  |e AACR2 
041 |a slo 
044 |a xo  |c SK 
080 |a 798.8(4)  |2 2001 
080 |a 636.7  |2 2001 
100 1 |a Slaný, Branislav  |4 aut  |9 352690 
245 1 0 |a Majstrovstvá Slovenska v pretekoch psích záprahov v šprinte v Lome nad Rimavicou Royal Canin Cup  |c Branislav Slaný 
300 |b Fotogr. 
611 2 7 |a Preteky psích záprahov - šprint  |n (  |d 2007 :  |c Lom nad Rimavicou, Slovensko)  |2 snkbucl  |9 1068666 
650 0 7 |a šport psích záprahov  |2 snkbucl  |9 51562 
773 0 |t Pes a mačka  |g Roč. VII., č. 3 (2007), s. 42-43  |x 1335-7778 
852 |a SNK  |b KIS3GCP 
958 |a SK 
999 |c 1756889  |d 1758819